Cartas de un Senador de la República: Cuestión de límites
Saved in:
| Hovedforfatter: | |
|---|---|
| Format: | Bog |
| Sprog: | spansk |
| Udgivet: |
Valparaíso
Imprenta de la Librería del Mercurio, Gran Avenida, 12
1896
|
| Udgivelse: | 1a. ed |
| Fag: | |
| Tags: |
Tilføj Tag
Ingen Tags, Vær først til at tagge denne postø!
|
MARC
| LEADER | 00000nam a2200000 a 4500 | ||
|---|---|---|---|
| 001 | UCJ5288 | ||
| 003 | CL-VaPUC | ||
| 008 | 070124e18960000CL |||||||||||||||||spa|d | ||
| 082 | 0 | 4 | |a 983 |b BAR |2 21 |
| 100 | 0 | |a Barra, Eduardo de la |e author |9 390300 | |
| 245 | 1 | 0 | |a Cartas de un Senador de la República: Cuestión de límites |
| 250 | |a 1a. ed | ||
| 300 | |a 78 p | ||
| 942 | |c BK | ||
| 945 | |d 20070124 00:00:00 |a rinostro | ||
| 260 | |a Valparaíso |b Imprenta de la Librería del Mercurio, Gran Avenida, 12 |c 1896 | ||
| 500 | |a Empastado junto a otra monografía acerca del tema en un volumen rotulado Rocuant, De La Barra, Chileno argentino, cartas; ubicado en 983 ROC | ||
| 650 | 0 | |a Límites con Argentina |9 504170 | |
| 650 | 0 | |a Opinión pública |9 255512 | |
| 650 | 0 | |a Historia de Chile |9 265473 | |
| 651 | 0 | |a Argentina |9 254888 | |
| 651 | 7 | |a CHILE |2 CL-VaPUC |9 510316 | |
| 583 | |a last modification |c 20070124 00:00:00 |k Rodrigo Vera | ||
| 999 | |c 321398 |d 321396 | ||
| 952 | |0 0 |1 0 |4 0 |6 983_000000000000000_BAR_1896 |7 0 |8 X |9 400124 |a FDOBUD |b FDOBUD |d 2019-11-22 |i 1032453 |o 983 BAR 1896 |p 1032453 |r 2019-11-22 |w 2019-11-22 |y BK_X |k BUD | ||